Entretiens sur l' agriculture
Αποθηκεύτηκε σε:
| Κύριος συγγραφέας: | |
|---|---|
| Μορφή: | Βιβλίο |
| Γλώσσα: | French |
| Δημοσίευση: |
Bruxelles : Paris :
G. Mayolez ; Librairie Agricole,
1882
|
| Θέματα: | |
| Ετικέτες: |
Προσθήκη ετικέτας
Δεν υπάρχουν, Καταχωρήστε ετικέτα πρώτοι!
|
MARC
| LEADER | 00000cam a2200000 a 4500 | ||
|---|---|---|---|
| 001 | 1/107735 | ||
| 008 | 150730s1882####fr | ||| |||| ||fre|| | ||
| 040 | |a GR-MyUa |b gre |c GR-MyUa |e AACR2 | ||
| 041 | 0 | |a fre | |
| 082 | 7 | |a 630 |2 (23) | |
| 100 | 1 | |a Fouquet, G. | |
| 245 | 1 | 0 | |a Entretiens sur l' agriculture / |c par G. Fouquet. |
| 260 | |a Bruxelles : |b G. Mayolez ; |a Paris : |b Librairie Agricole, |c 1882 | ||
| 300 | |a 161 σ. ; |c 19 εκ. | ||
| 500 | |a "Labours - Fumier - Epuisement du sol par le betail et par les plantes. Production fourragere et engrais complementaires . Engrais verts. - Choix des semences. - Binages. - Prairies naturelles. Fenaison." | ||
| 650 | 0 | |a Agriculture. | |
| 852 | |a INST |b SAMOS |c MOR |e 20150730 |h 630 FOU |p 005300042496 |q 005300042496 |t NOLOAN |y 23 | ||
| 970 | |a Κοσιέρης |b Χρήστος |z 27-07-2015 | ||